[Event "AUTO-INT-1123"]
[Site "http://www.queenalice.com/game.php?id=583420"]
[Date "2009.5.5"]
[Round "2"]
[White "Andre_van_Veelen"]
[Black "odin2"]
[Result "0-1"]
[WhiteElo "1642"]
[BlackElo "1813"]

1. e4 d5 2. exd5 Qxd5 3. Nc3 Qd8 4. d4 Nf6 5. Nf3 Bg4 6. h3 Bh5 7. g4 Bg6 8. Ne5
Nbd7 9. Qe2 e6 10. Bg2 c6 11. Bg5 h6 12. Bh4 Be7 13. O-O-O Nd5 14. Nxg6 fxg6 15.
Qxe6 N7f6 16. Nxd5 cxd5 17. f4 Qd7 0-1

[Event "AUTO-INT-1123"]
[Site "http://www.queenalice.com/game.php?id=583421"]
[Date "2009.5.5"]
[Round "2"]
[White "odin2"]
[Black "Andre_van_Veelen"]
[Result "1-0"]
[WhiteElo "1803"]
[BlackElo "1652"]

1. e4 c5 2. Nf3 d6 3. d4 cxd4 4. Nxd4 Nf6 5. Nc3 a6 6. Bg5 e6 7. Be2 Be7 8. O-O
O-O 9. f4 Nbd7 10. Nf3 Qb6+ 11. Kh1 Ng4 12. Qd4 Qxd4 13. Nxd4 Bxg5 14. fxg5 Nde5
15. Bxg4 Nxg4 16. Rae1 e5 17. Nf3 1-0

[Event "AUTO-INT-3001"]
[Site "http://www.queenalice.com/game.php?id=1361279"]
[Date "2015.5.24"]
[Round "1"]
[White "Andre_van_Veelen"]
[Black "leking"]
[Result "0-1"]
[WhiteElo "1616"]
[BlackElo "1633"]

1. e4 e5 2. Nf3 Nc6 3. Bb5 a6 4. Ba4 Nge7 5. O-O b5 6. Bb3 d6 7. h3 Bb7 8. Re1
f6 9. d4 Ng6 10. d5 Na5 11. Nbd2 Nxb3 12. Nxb3 c5 13. dxc6 Bxc6 14. Bd2 Be7 15.
Ba5 Qb8 16. Rc1 O-O 17. c4 Bd8 18. cxb5 axb5 19. Rxc6 Bxa5 20. Nxa5 Rxa5 21.
Qd5+ Kh8 0-1

[Event "AUTO-INT-3001"]
[Site "http://www.queenalice.com/game.php?id=1361280"]
[Date "2015.5.24"]
[Round "1"]
[White "leking"]
[Black "Andre_van_Veelen"]
[Result "1-0"]
[WhiteElo "1616"]
[BlackElo "1633"]

1. e4 e5 2. Nf3 Nc6 3. d4 exd4 4. Nxd4 Nxd4 5. Qxd4 Nf6 6. Bc4 d6 7. Nc3 c6 8.
Qd2 g6 9. O-O Bg7 10. Re1 O-O 11. Nd1 Re8 12. Nc3 Qe7 13. Qd3 d5 14. Bb3 Bf5 15.
Bd2 Rad8 16. Qf3 dxe4 17. Qe2 b5 18. Be3 Ng4 19. h3 Nxe3 20. Qxe3 1-0

[Event "AUTO-INT-3001"]
[Site "http://www.queenalice.com/game.php?id=1361281"]
[Date "2015.5.24"]
[Round "1"]
[White "Andre_van_Veelen"]
[Black "jamba"]
[Result "1-0"]
[WhiteElo "1524"]
[BlackElo "1341"]

1. e4 c5 2. Nf3 d6 3. Nc3 Nf6 4. d4 cxd4 5. Nxd4 g6 6. Bd3 Bg7 7. O-O Bg4 8. f3
Bd7 9. Be3 Nc6 10. a3 Nxd4 11. Bxd4 O-O 12. Qd2 b5 13. Nxb5 a6 14. Nc3 Qb8 15.
Rab1 1-0

[Event "AUTO-INT-3001"]
[Site "http://www.queenalice.com/game.php?id=1361282"]
[Date "2015.5.24"]
[Round "1"]
[White "jamba"]
[Black "Andre_van_Veelen"]
[Result "0-1"]
[WhiteElo "1350"]
[BlackElo "1515"]

1. d4 f5 2. e3 Nf6 3. Bd3 g6 4. f4 Bg7 5. h3 c6 6. g4 d6 7. g5 Ne4 8. Nd2 d5 9.
c4 O-O 10. Nxe4 dxe4 11. Bc2 Be6 12. Bb3 Na6 13. Nf3 exf3 14. Qxf3 Qc7 15. d5
cxd5 0-1

[Event "AUTO-INT-3001"]
[Site "http://www.queenalice.com/game.php?id=1361283"]
[Date "2015.5.24"]
[Round "1"]
[White "Andre_van_Veelen"]
[Black "Lopesq"]
[Result "0-1"]
[WhiteElo "1563"]
[BlackElo "1610"]

1. e4 c5 2. Nf3 Nc6 3. d4 cxd4 4. Nxd4 e5 5. Nb5 d6 6. c4 a6 7. N5c3 Be6 8. Nd2
Be7 9. Be2 Nf6 10. h3 O-O 11. Nf3 Qc8 12. O-O Bxh3 0-1

[Event "AUTO-INT-3001"]
[Site "http://www.queenalice.com/game.php?id=1361284"]
[Date "2015.5.24"]
[Round "1"]
[White "Lopesq"]
[Black "Andre_van_Veelen"]
[Result "1-0"]
[WhiteElo "1595"]
[BlackElo "1578"]

1. d4 f5 2. Nf3 Nf6 3. c3 g6 4. Bf4 d6 5. Nbd2 Bg7 6. Qb3 Nc6 7. e3 e6 8. Ng5 d5
9. Bb5 O-O 10. Bxc6 bxc6 11. O-O Ba6 12. Nxe6 1-0

[Event "AUTO-ADV-3420"]
[Site "http://www.queenalice.com/game.php?id=1361322"]
[Date "2015.5.24"]
[Round "1"]
[White "duschgel"]
[Black "Andre_van_Veelen"]
[Result "1-0"]
[WhiteElo "2057"]
[BlackElo "1517"]

1. c4 e5 2. g3 Nc6 3. Bg2 Nf6 4. Nc3 g6 5. d3 Bg7 6. e4 O-O 7. Bg5 d6 8. Qd2 Nd4
9. Nge2 c6 10. O-O Bg4 11. Nxd4 exd4 12. Ne2 Bxe2 13. Qxe2 Qd7 14. f4 Rfe8 15.
Qf2 Ng4 16. Qf3 Ne3 17. Rf2 1-0

[Event "AUTO-ADV-3420"]
[Site "http://www.queenalice.com/game.php?id=1361323"]
[Date "2015.5.24"]
[Round "1"]
[White "Andre_van_Veelen"]
[Black "duschgel"]
[Result "0-1"]
[WhiteElo "1519"]
[BlackElo "2055"]

1. e4 c6 2. Nc3 d5 3. Nf3 Bg4 4. Be2 dxe4 5. Nxe4 Nd7 6. O-O Ngf6 7. d3 g6 8. b3
Bg7 9. Bb2 O-O 10. h3 Bxf3 11. Bxf3 Nxe4 12. Bxg7 Nxf2 13. Rxf2 Kxg7 14. d4 Qb6
15. Re2 e5 16. c3 exd4 17. Qxd4+ Qxd4+ 0-1

[Event "AUTO-ADV-3420"]
[Site "http://www.queenalice.com/game.php?id=1361338"]
[Date "2015.5.24"]
[Round "1"]
[White "Lopesq"]
[Black "Andre_van_Veelen"]
[Result "1-0"]
[WhiteElo "1578"]
[BlackElo "1601"]

1. d4 f5 2. Nf3 Nf6 3. c3 g6 4. Bf4 d6 5. Nbd2 Bg7 6. h3 O-O 7. e3 c6 8. Bc4+
Nd5 9. Bh2 Kh8 10. O-O b5 11. Bxd5 cxd5 12. a3 Nd7 13. Ng5 Nf6 14. Nb3 1-0

[Event "AUTO-ADV-3420"]
[Site "http://www.queenalice.com/game.php?id=1361339"]
[Date "2015.5.24"]
[Round "1"]
[White "Andre_van_Veelen"]
[Black "Lopesq"]
[Result "0-1"]
[WhiteElo "1549"]
[BlackElo "1624"]

1. e4 e5 2. Nf3 d6 3. d4 Bg4 4. d5 Nf6 5. h3 Bh5 6. Nc3 Nbd7 7. g4 Bg6 8. Bg5
Be7 9. Bxf6 Bxf6 10. b4 O-O 11. Bb5 Nb6 12. Qd3 a6 0-1

[Event "AUTO-ADV-3420"]
[Site "http://www.queenalice.com/game.php?id=1361350"]
[Date "2015.5.24"]
[Round "1"]
[White "Andre_van_Veelen"]
[Black "kakocarvalho"]
[Result "0-1"]
[WhiteElo "1536"]
[BlackElo "1789"]

1. e4 d6 2. Nc3 Nf6 3. Nf3 g6 4. d4 Bg7 5. Bd3 O-O 6. O-O Nbd7 7. b4 a5 8. b5 c5
9. bxc6 bxc6 10. Rb1 c5 11. Bb2 cxd4 12. Nxd4 Nc5 13. h3 Nxd3 14. Qxd3 Ba6 15.
Ncb5 Nh5 0-1

[Event "AUTO-ADV-3420"]
[Site "http://www.queenalice.com/game.php?id=1361351"]
[Date "2015.5.24"]
[Round "1"]
[White "kakocarvalho"]
[Black "Andre_van_Veelen"]
[Result "1-0"]
[WhiteElo "1795"]
[BlackElo "1530"]

1. Nf3 d5 2. g3 Nf6 3. Bg2 h6 4. d3 Nc6 5. O-O e6 6. Nbd2 Bd6 7. c4 O-O 8. cxd5
exd5 9. a3 b5 10. b4 Be5 11. Nxe5 Nxe5 12. Bb2 Re8 13. Qb3 Bb7 14. Rac1 Ned7 15.
e3 1-0

[Event "AUTO-OPEN-3487"]
[Site "http://www.queenalice.com/game.php?id=1361400"]
[Date "2015.5.24"]
[Round "1"]
[White "Andre_van_Veelen"]
[Black "ribeiro"]
[Result "0-1"]
[WhiteElo "1523"]
[BlackElo "1918"]

1. e4 e5 2. Nf3 Nc6 3. Bb5 a6 4. Ba4 b5 5. Bb3 d6 6. a3 Bg4 7. O-O h5 8. d3 Nd4
9. Ba2 Bxf3 10. gxf3 g5 11. Kh1 Qf6 12. Nd2 g4 13. c3 Nxf3 14. Nxf3 gxf3 0-1

[Event "AUTO-OPEN-3487"]
[Site "http://www.queenalice.com/game.php?id=1361401"]
[Date "2015.5.24"]
[Round "1"]
[White "ribeiro"]
[Black "Andre_van_Veelen"]
[Result "1-0"]
[WhiteElo "1916"]
[BlackElo "1525"]

1. f4 d5 2. e3 Nf6 3. g3 Nc6 4. Bb5 Bd7 5. d4 a6 6. Bd3 g6 7. Nf3 Bg7 8. c3 O-O
9. b4 b5 10. Nbd2 Bg4 11. a4 Rb8 12. axb5 axb5 13. Kf2 Ne4+ 14. Nxe4 dxe4 15.
Bxe4 1-0

[Event "AUTO-OPEN-3487"]
[Site "http://www.queenalice.com/game.php?id=1361402"]
[Date "2015.5.24"]
[Round "1"]
[White "Andre_van_Veelen"]
[Black "FabioDavid"]
[Result "0-1"]
[WhiteElo "1521"]
[BlackElo "2364"]

1. e4 Nc6 2. d3 Nf6 3. Be2 d5 4. f3 e5 5. Nc3 d4 6. Nd5 Nxd5 7. exd5 Qxd5 8. c3
Be7 9. cxd4 Nxd4 10. b3 a5 11. Bb2 Bb4+ 12. Kf1 O-O 13. Bxd4 Qxd4 14. Rc1 Bc5
0-1

[Event "AUTO-OPEN-3487"]
[Site "http://www.queenalice.com/game.php?id=1361403"]
[Date "2015.5.24"]
[Round "1"]
[White "FabioDavid"]
[Black "Andre_van_Veelen"]
[Result "1-0"]
[WhiteElo "2402"]
[BlackElo "1584"]

1. b3 e5 2. Bb2 Nc6 3. e3 Nf6 4. c4 Be7 5. Nc3 O-O 6. Nf3 d6 7. d3 Bg4 8. Be2 d5
9. cxd5 Nxd5 10. O-O a6 11. a3 b5 12. Rc1 Bxf3 13. Bxf3 Nxc3 14. Rxc3 1-0

[Event "AUTO-OPEN-3487"]
[Site "http://www.queenalice.com/game.php?id=1361404"]
[Date "2015.5.24"]
[Round "1"]
[White "Andre_van_Veelen"]
[Black "mvson33"]
[Result "0-1"]
[WhiteElo "1580"]
[BlackElo "2115"]

1. e4 d5 2. exd5 Qxd5 3. Nc3 Qa5 4. d4 c6 5. Nf3 Bg4 6. Be2 Nf6 7. O-O e6 8. Bd2
Qc7 9. Ne5 Bxe2 10. Qxe2 Nbd7 11. Bf4 Bd6 12. Nxd7 Qxd7 13. Bxd6 Qxd6 14. Rad1
O-O 15. Ne4 Qe7 16. Nxf6+ Qxf6 0-1

[Event "AUTO-OPEN-3487"]
[Site "http://www.queenalice.com/game.php?id=1361405"]
[Date "2015.5.24"]
[Round "1"]
[White "mvson33"]
[Black "Andre_van_Veelen"]
[Result "1-0"]
[WhiteElo "2114"]
[BlackElo "1582"]

1. e4 e5 2. Nf3 Nc6 3. Bb5 a6 4. Ba4 b5 5. Bb3 Bc5 6. O-O Nf6 7. d3 h6 8. c3 O-O
9. Qe2 Re8 10. Be3 Bd6 11. h3 Na5 12. Bc2 Bb7 13. Nbd2 c5 14. Nh4 Rc8 15. Nf5
Bf8 16. f4 1-0